Algunos modelos metodológicos de ciencia jurídica /

Tallennettuna:
Bibliografiset tiedot
Päätekijä: Nino, Carlos Santiago (autor)
Aineistotyyppi: Kirja
Kieli:espanja
Julkaistu: México : Fontamara, 1995, c1993
Painos:2a edición
Sarja:(Biblioteca de Etica, Filosofía del Derecho y Política ; 25)
Aiheet:
Tagit: Lisää tagi
Ei tageja, Lisää ensimmäinen tagi!

MARC

LEADER 00000nam^a2200000^a^4500
001 000188168
005 20250521000000.0
009 20260310102328.05
020 |a 968-476-186-4 
037 |a Acervo ITESO - Biblioteca 
041 |a ESP 
082 |a 340. 1  |b BIB V. 25 
100 |a Nino, Carlos Santiago  |e (autor) 
245 1 0 |a Algunos modelos metodológicos de ciencia jurídica /  |c C.S. Nino. 
250 |a 2a edición 
264 4 |a México :  |b Fontamara,  |c 1995, c1993 
300 |a 115 p. 
336 |a texto  |b txt  |2 rdacontenido 
337 |a sin mediación  |b n  |2 rdamedio 
338 |a volumen  |b nc  |2 rdasoporte 
440 1 |a (Biblioteca de Etica, Filosofía del Derecho y Política ;  |v 25) 
521 |a 2014 BO Maestría en Derecho Constitucional y Argumentación Jurídica 
649 |a XX 
650 |a Derecho -  |x Metodología 
650 |a Derecho -  |x Filosofía 
650 |a Derecho -  |x Teoría 
910 |a Fondo General 
920 |a Impresos - Libros 
930 |a Colección General 
905 |a 101 
901 |a 0500130856  |b IT1  |c ACC  |u 20250521 
902 |a https://opac.biblio.iteso.mx/vufind/Record/000188168